<?xml version="1.0" encoding="UTF-8"?>
<record
    xmlns:xsi="http://www.w3.org/2001/XMLSchema-instance"
    xsi:schemaLocation="http://www.loc.gov/MARC21/slim http://www.loc.gov/standards/marcxml/schema/MARC21slim.xsd"
    xmlns="http://www.loc.gov/MARC21/slim">

  <leader>00980nam a22002297a 4500</leader>
  <controlfield tag="005">20240601100952.0</controlfield>
  <controlfield tag="008">230601b           ||||| |||| 00| 0 eng d</controlfield>
  <datafield tag="040" ind1=" " ind2=" ">
    <subfield code="c">AL</subfield>
  </datafield>
  <datafield tag="041" ind1=" " ind2=" ">
    <subfield code="a">Konkani /Devan&#x101;gar&#x12B;</subfield>
  </datafield>
  <datafield tag="082" ind1=" " ind2=" ">
    <subfield code="2">23</subfield>
    <subfield code="a">891.461</subfield>
    <subfield code="b">MATP</subfield>
  </datafield>
  <datafield tag="100" ind1=" " ind2=" ">
    <subfield code="a">MATHAYAS (Monika Dsa); </subfield>
    <subfield code="9">168910</subfield>
  </datafield>
  <datafield tag="100" ind1=" " ind2=" ">
    <subfield code="9">118819</subfield>
    <subfield code="d">&#xCAE;&#xCA5;&#xCBE;&#xCAF;&#xCB8;&#xCCD; &#xCAE;&#xCCA;&#xCA8;&#xCBF;&#xC95;&#xCBE; &#xCA1;&#xCC6;&#xCB8;&#xCBE; </subfield>
  </datafield>
  <datafield tag="245" ind1=" " ind2=" ">
    <subfield code="a">Pananch fulam jatana:</subfield>
    <subfield code="b">&#xCAA;&#xCBE;&#xCA8;&#xCBE;&#xC82;&#xC9A;&#xCCD; &#xCAB;&#xCC1;&#xCB2;&#xCBE;&#xC82; &#xC9C;&#xCBE;&#xCA4;&#xCBE;&#xCA8;&#xCBE;: &#x92A;&#x93E;&#x928;&#x93E;&#x902;&#x91A; &#x92B;&#x942;&#x932;&#x902; &#x91C;&#x93E;&#x924;&#x93E;&#x928;&#x93E; </subfield>
  </datafield>
  <datafield tag="260" ind1=" " ind2=" ">
    <subfield code="a">Maharashtra</subfield>
    <subfield code="b">Ashavadi Prakashana</subfield>
    <subfield code="c">2023</subfield>
  </datafield>
  <datafield tag="300" ind1=" " ind2=" ">
    <subfield code="a">88p.</subfield>
    <subfield code="b">PB</subfield>
    <subfield code="c">21x13cm.</subfield>
  </datafield>
  <datafield tag="365" ind1=" " ind2=" ">
    <subfield code="2">Konkani</subfield>
    <subfield code="a">23/03</subfield>
    <subfield code="b">120.00</subfield>
    <subfield code="c">&#x20B9;</subfield>
    <subfield code="d">150.00</subfield>
    <subfield code="e">20%</subfield>
    <subfield code="f">8-05-2023</subfield>
  </datafield>
  <datafield tag="650" ind1=" " ind2=" ">
    <subfield code="a">Konkani Poetry: &#xC95;&#xCCA;&#xC82;&#xC95;&#xCA3;&#xCBF; &#xC95;&#xCB5;&#xCBF;&#xCA4;&#xCBE; </subfield>
    <subfield code="9">118222</subfield>
  </datafield>
  <datafield tag="650" ind1=" " ind2=" ">
    <subfield code="a">Konkani Literature: &#xC95;&#xCCA;&#xC82;&#xC95;&#xCA3;&#xCBF; &#xCB8;&#xCBE;&#xCB9;&#xCBF;&#xCA4;&#xCCD;&#xCAF; </subfield>
    <subfield code="9">118223</subfield>
  </datafield>
  <datafield tag="700" ind1=" " ind2=" ">
    <subfield code="a"> KVADRAS (Valli): &#xC95;&#xCCD;&#xCB5;&#xCBE;&#xCA1;&#xCCD;&#xCB0;&#xCB8;&#xCCD; (&#xCB5;&#xCB2;&#xCCD;&#xCB2;&#xCBF;) Ed Tr</subfield>
    <subfield code="9">118224</subfield>
  </datafield>
  <datafield tag="700" ind1=" " ind2=" ">
    <subfield code="a">Quadros Valley</subfield>
    <subfield code="9">118263</subfield>
  </datafield>
  <datafield tag="942" ind1=" " ind2=" ">
    <subfield code="2">ddc</subfield>
    <subfield code="c">BK</subfield>
  </datafield>
  <datafield tag="999" ind1=" " ind2=" ">
    <subfield code="c">227375</subfield>
    <subfield code="d">227375</subfield>
  </datafield>
  <datafield tag="952" ind1=" " ind2=" ">
    <subfield code="0">0</subfield>
    <subfield code="1">0</subfield>
    <subfield code="2">ddc</subfield>
    <subfield code="4">0</subfield>
    <subfield code="7">0</subfield>
    <subfield code="8">KON</subfield>
    <subfield code="a">AL</subfield>
    <subfield code="b">AL</subfield>
    <subfield code="d">2023-05-31</subfield>
    <subfield code="e">Ashawadi Prakashan Maharashtra-400701</subfield>
    <subfield code="g">120.00</subfield>
    <subfield code="l">0</subfield>
    <subfield code="o">891.461 MATP</subfield>
    <subfield code="p">076550</subfield>
    <subfield code="r">2023-06-01 00:00:00</subfield>
    <subfield code="v">150.00</subfield>
    <subfield code="w">2023-06-01</subfield>
    <subfield code="y">BK</subfield>
  </datafield>
  <datafield tag="952" ind1=" " ind2=" ">
    <subfield code="0">0</subfield>
    <subfield code="1">0</subfield>
    <subfield code="2">ddc</subfield>
    <subfield code="4">0</subfield>
    <subfield code="7">0</subfield>
    <subfield code="8">KON</subfield>
    <subfield code="a">AL</subfield>
    <subfield code="b">AL</subfield>
    <subfield code="d">2023-05-31</subfield>
    <subfield code="e">Ashawadi Prakashan Maharashtra-400701</subfield>
    <subfield code="g">120.00</subfield>
    <subfield code="l">0</subfield>
    <subfield code="o">891.461 MATP</subfield>
    <subfield code="p">076551</subfield>
    <subfield code="r">2023-06-01 00:00:00</subfield>
    <subfield code="v">150.00</subfield>
    <subfield code="w">2023-06-01</subfield>
    <subfield code="y">BK</subfield>
  </datafield>
  <datafield tag="952" ind1=" " ind2=" ">
    <subfield code="0">0</subfield>
    <subfield code="1">0</subfield>
    <subfield code="2">ddc</subfield>
    <subfield code="4">0</subfield>
    <subfield code="7">0</subfield>
    <subfield code="8">KON</subfield>
    <subfield code="a">AL</subfield>
    <subfield code="b">AL</subfield>
    <subfield code="d">2023-05-31</subfield>
    <subfield code="e">Ashawadi Prakashan Maharashtra-400701</subfield>
    <subfield code="g">120.00</subfield>
    <subfield code="l">0</subfield>
    <subfield code="o">891.461 MATP</subfield>
    <subfield code="p">076552</subfield>
    <subfield code="r">2023-06-01 00:00:00</subfield>
    <subfield code="v">150.00</subfield>
    <subfield code="w">2023-06-01</subfield>
    <subfield code="y">BK</subfield>
  </datafield>
  <datafield tag="952" ind1=" " ind2=" ">
    <subfield code="0">0</subfield>
    <subfield code="1">0</subfield>
    <subfield code="2">ddc</subfield>
    <subfield code="4">0</subfield>
    <subfield code="7">0</subfield>
    <subfield code="8">KON</subfield>
    <subfield code="a">AL</subfield>
    <subfield code="b">AL</subfield>
    <subfield code="d">2023-05-31</subfield>
    <subfield code="e">Ashawadi Prakashan Maharashtra-400701</subfield>
    <subfield code="g">120.00</subfield>
    <subfield code="l">0</subfield>
    <subfield code="o">891.461 MATP</subfield>
    <subfield code="p">076553</subfield>
    <subfield code="r">2023-06-01 00:00:00</subfield>
    <subfield code="v">150.00</subfield>
    <subfield code="w">2023-06-01</subfield>
    <subfield code="y">BK</subfield>
  </datafield>
  <datafield tag="952" ind1=" " ind2=" ">
    <subfield code="0">0</subfield>
    <subfield code="1">0</subfield>
    <subfield code="2">ddc</subfield>
    <subfield code="4">0</subfield>
    <subfield code="7">0</subfield>
    <subfield code="8">KON</subfield>
    <subfield code="a">AL</subfield>
    <subfield code="b">AL</subfield>
    <subfield code="d">2023-05-31</subfield>
    <subfield code="e">Ashawadi Prakashan Maharashtra-400701</subfield>
    <subfield code="g">120.00</subfield>
    <subfield code="l">0</subfield>
    <subfield code="o">891.461 MATP</subfield>
    <subfield code="p">076554</subfield>
    <subfield code="r">2023-06-01 00:00:00</subfield>
    <subfield code="v">150.00</subfield>
    <subfield code="w">2023-06-01</subfield>
    <subfield code="y">BK</subfield>
  </datafield>
</record>
